Applications of fractals and chaos : the shape of things /
Guardado en:
| Otros Autores: | , , |
|---|---|
| Formato: | Libro |
| Idioma: | English |
| Publicado: |
Berlin :
Springer-Verlag,
c1993.
|
| Materias: | |
| Etiquetas: |
Agregar Etiqueta
Sin Etiquetas, Sea el primero en etiquetar este registro!
|
| LEADER | 02550cam a2200277 a 4500 | ||
|---|---|---|---|
| 001 | MAT.inmabb003663 | ||
| 008 | 930416s1993####gw#a#####b####101#0#eng## | ||
| 005 | 20130321161100.0 | ||
| 245 | 0 | 0 | |a Applications of fractals and chaos : |b the shape of things / |c A. J. Crilly, R. A. Earnshaw, H. Jones, editors. |
| 260 | |a Berlin : |b Springer-Verlag, |c c1993. | ||
| 300 | |a viii, 317 p. : |b il. (algunas col.) ; |c 29 cm. | ||
| 500 | |a "Based upon the presentations made at an international conference in London"--Preface. | ||
| 504 | |a Incluye referencias bibliográficas e índice. | ||
| 505 | 0 | |a Part 1, Applications of fractals: 1. R. F. Voss, $1/f$ noise and fractals in DNA-base sequences -- 2. K. J. Hsü, Fractal geometry of music -- 3. J. A. Kaandorp, 2D and 3D modelling of marine sessile organisms -- 4. S. R. Bishop and M. S. Soliman, The prediction of ship capsize -- 5. J. M. Blackledge, On the synthesis and processing of fractal signals and images -- 6. L. F. Jardine, Fractal-based analysis and synthesis of multispectral visual texture for camouflage -- 7. G. H. Watson and J. G. Jones, Positive wavelet representation of fractal signals and images -- 8. M. D. Impey and P. Grindrod, Application of fractal geometry to geological site characterization -- 9. M. Ali, M. A. Gennert and T. G. Clarkson, Analysis, generation and compression of pavement distress images using fractals -- 10. R. F. Voss and J. C. Y. Watt, Multifractals and the local connected fractal dimension. | |
| 505 | 0 | |a Part 2, Applications of chaos: 11. R. L. Devaney, Chaotic bursts in complex dynamical systems -- 12. J. Lansdown, Chaos, complexity and design applications -- 13. A. V. Holden, J. Hyde and H. Zhang, Computing with the unpredictable -- 14. D. Jarrett and Z. Xiaoyan, The dynamic behaviour of road traffic flow -- 15. J. C. Vassilicos, A. Demos and F. Tata, No evidence of chaos but some evidence of multifractals in the foreign exchange and the stock markets -- 16. J. J. Healey, Spatio-temporal evolution of disturbances in boundary layer transition -- 17. R. D. Neilson and D. H. Gonsalves, Chaotic motion of a rotor system with a bearing clearance. | |
| 510 | 4 | |a MR, |c 95h:58092 | |
| 020 | |a 0387564926 | ||
| 700 | 1 | |a Crilly, A. J. |4 edt | |
| 700 | 1 | |a Earnshaw, Rae A., |d 1944- |4 edt | |
| 700 | 1 | |a Jones, H. |q (Huw) |4 edt | |
| 650 | 0 | |a Fractals. | |
| 650 | 0 | |a Chaotic behavior in systems. | |
| 084 | |a 37D45 (28A50 28A80 37-06 37Nxx 68U05 70K50 92C20) |2 msc2000 | ||
| 010 | |a 93008105 | ||
| 040 | |a DLC |c DLC |d DLC | ||
| 859 | |h 37 |i Ap652 |p A-7137 |b BIB. MATEMATICA | ||
